000 00429nam a2200181Ia 4500
001 22714
005 20260414150849.0
008 260414t1999||||xx |||||||||||||| ||spa||
041 _aESP
082 _a621.38456
_bR47
100 _aRey, Eugenio
_eAUT
245 0 _aTelecomunicaciones móviles
_b
260 _c1999
300 _axiii, 261 páginas :
_c28 cm.
650 _aTCA
654 _aCET
942 _cLIB
_dJUS
_fJUS
_2ddc
_n
999 _c22714
_d22714